书目信息 |
| 题名: |
现代民治政体
|
|
| 作者: | 布赖斯 著 ;张慰慈 译 | |
| 分册: | 上册 | |
| 出版信息: | 长春 吉林人民出版社 2010.11 |
|
| 页数: | 280页 | |
| 开本: | 24cm | |
| 丛书名: | 人文译丛 | |
| 单 册: | ||
| 中图分类: | D521 | |
| 科图分类: | ||
| 主题词: | 政治制度--研究--世界--现代 | |
| 电子资源: | ||
| ISBN: | 978-7-206-07189-8 | |
| 000 | 01056oam2 2200289 45 | |
| 001 | 516 | |
| 005 | 20120531151615.81 | |
| 010 | @a978-7-206-07189-8@dCNY39.50 | |
| 100 | @a20120328d2010 em y0chiy0110 ea | |
| 101 | 1 | @achi@ceng |
| 102 | @aCN@b220000 | |
| 105 | @ay a 000yy | |
| 106 | @ar | |
| 200 | 1 | @a现代民治政体@AXian Dai Min Zhi Zheng Ti@h上册@HShang Ce@d= Modern democracies@f(英) 詹姆斯·布赖斯著@F( Ying ) Zhan Mu Si· Bu Lai Si Zhu@g张慰慈等译@zeng |
| 205 | @a2版 | |
| 210 | @a长春@c吉林人民出版社@d2010.11 | |
| 215 | @a280页@d24cm | |
| 225 | 2 | @a人文译丛 |
| 330 | @a本书著者基于自己的从政经验与考察结论,对法国、瑞士、加拿大、美国、澳大利亚、新西兰六国民主政体进行了深刻的分析,对民主体制的内涵、趋势、优点与劣势进行了全面的概括。 | |
| 461 | 0 | @12001 @a人文译丛 |
| 510 | 1 | @aModern democracies@zeng |
| 606 | 0 | @a政治制度@x研究@y世界@z现代 |
| 690 | @aD521@v4 | |
| 701 | 1 | @a布赖斯@ABu Lai Si@g(Bryce, James)@4著 |
| 702 | 0 | @a张慰慈@AZhang Wei Ci@4译 |
| 801 | 0 | @aCN@bTSTCL@c20120328 |
| 905 | @b0815044-47@dD521@e178:1=2@f4 | |
| 现代民治政体.上册= Modern democracies/(英) 詹姆斯·布赖斯著/张慰慈等译.-2版.-长春:吉林人民出版社,2010.11 |
| 280页;24cm.-(人文译丛) |
| ISBN 978-7-206-07189-8:CNY39.50 |
| 本书著者基于自己的从政经验与考察结论,对法国、瑞士、加拿大、美国、澳大利亚、新西兰六国民主政体进行了深刻的分析,对民主体制的内涵、趋势、优点与劣势进行了全面的概括。 |
| ● |
| 相关链接 |
|
|
|
|
正题名:现代民治政体
索取号:D521/178:1=2
 
预约/预借
| 序号 | 登录号 | 条形码 | 馆藏地/架位号 | 状态 | 备注 |
| 1 | 0815044 | 208150445 | 第一样本阅览室/ [索取号:D521/178:1=2] | 在馆 | |
| 2 | 0815045 | 208150454 | 第一借阅区/ [索取号:D521/178:1=2] | 在馆 | |
| 3 | 0815046 | 208150463 | 第一借阅区/ [索取号:D521/178:1=2] | 在馆 | |
| 4 | 0815047 | 208150472 | 第一借阅区/ [索取号:D521/178:1=2] | 在馆 |